000 00376nam a22001457a 4500
005 20251108165829.0
008 250721s1987 xx 000 0 ara d
082 1 4 _aط/216.22/تعل
245 1 0 _aتعليم الصلاة /
264 1 _aالزرقاء :
_bمكتبة المنار،
_c1987.
300 _a44ص
650 1 7 _aالصلاة
942 _2ddc
_cBK
999 _c32361
_d32361